| 000 | 00864nam a22001937a 4500 | ||
|---|---|---|---|
| 003 | AM-YeHGA | ||
| 005 | 20250617153841.0 | ||
| 008 | 180212s xxu||||| |||| 00| 0 rus d | ||
| 040 | _aAM-YeHGA | ||
| 041 | 0 | _arus | |
| 100 | 1 | _aФекличев, Владимир Георгиевич | |
| 245 | 1 | 0 |
_aБерилл : _bМорфология, состав и структура кристаллов / _cВ.Г. Фекличев; АН СССР. Ин-т минералогии, геохимии и кристаллохимии редких элементов. |
| 260 |
_aМосква : _bНаука, _c1964. |
||
| 300 |
_a125 с. : _bчерт. |
||
| 653 | 0 | _aБерилл | |
| 710 | 2 | _aИнститут минералогии, геохимии и кристаллохимии редких элементов АН СССР | |
| 942 |
_2udc _cBK |
||
| 090 | _c401644 | ||
| 999 |
_c399487 _d399487 |
||